[Event "World Chess Olympiad 2018"]
[Site "Batumi"]
[Date "2018.10.01"]
[Round "7"]
[Board "3"]
[WhiteFideId "11700467"]
[White "Abdul Khaliq Wais"]
[BlackFideId "410551"]
[Black "Martin Lewis"]
[Result "0-1"]
[LiveChessVersion "1.4.8"]
[BlackElo "2128"]
[WhiteElo "1921"]

1. d4 {[%clk 1:30:20]} d5 {[%clk 1:30:52]} 2. Nf3 {[%clk 1:30:43]} Nf6
{[%clk 1:31:16]} 3. c4 {[%clk 1:30:59]} c6 {[%clk 1:31:40]} 4. Nc3
{[%clk 1:31:17]} dxc4 {[%clk 1:32:02]} 5. a4 {[%clk 1:30:31]} Bf5
{[%clk 1:32:25]} 6. e3 {[%clk 1:28:26]} e6 {[%clk 1:32:43]} 7. Bxc4
{[%clk 1:28:50]} Bb4 {[%clk 1:32:51]} 8. O-O {[%clk 1:28:36]} O-O
{[%clk 1:33:05]} 9. Ne5 {[%clk 1:22:36]} Nbd7 {[%clk 1:31:40]} 10. Qb3
{[%clk 1:14:11]} Qb6 {[%clk 1:25:06]} 11. Nxd7 {[%clk 1:04:40]} Nxd7
{[%clk 1:25:28]} 12. e4 {[%clk 1:01:55]} Bxc3 {[%clk 1:10:42]} 13. exf5
{[%clk 0:59:42]} Bxd4 {[%clk 1:11:04]} 14. fxe6 {[%clk 0:57:47]} fxe6
{[%clk 1:11:27]} 15. Bxe6+ {[%clk 0:57:19]} Kh8 {[%clk 1:11:53]} 16. Qc2
{[%clk 0:46:54]} Nc5 {[%clk 1:08:50]} 17. Bc4 {[%clk 0:26:39]} Rxf2
{[%clk 1:03:03]} 18. Rxf2 {[%clk 0:22:05]} Rf8 {[%clk 1:02:37]} 19. Kh1
{[%clk 0:19:07]} Rxf2 {[%clk 1:00:57]} 20. Qd1 {[%clk 0:16:03]} Ne4
{[%clk 0:50:29]} 21. Bd3 {[%clk 0:07:29]} Rd2 {[%clk 0:38:55]} 22. Qxd2
{[%clk 0:05:58]} Nxd2 {[%clk 0:36:14]} 23. Bxd2 {[%clk 0:06:27]} Bxb2
{[%clk 0:34:32]} 24. Re1 {[%clk 0:04:22]} Qd8 {[%clk 0:34:02]} 25. Bf4
{[%clk 0:03:48]} g5 {[%clk 0:33:50]} 0-1

[Event "World Chess Olympiad 2018"]
[Site "Batumi"]
[Date "2018.10.01"]
[Round "7"]
[Board "4"]
[WhiteFideId "912921"]
[White "Moldovanovic Dragan"]
[BlackFideId "11701137"]
[Black "Sulaiman Ahmad Ashrafi"]
[Result "0-1"]
[LiveChessVersion "1.4.8"]
[BlackElo "1908"]
[WhiteElo "2051"]

1. d4 {[%clk 1:30:44]} d5 {[%clk 1:30:48]} 2. c4 {[%clk 1:30:46]} e6
{[%clk 1:31:11]} 3. Nc3 {[%clk 1:30:57]} Nf6 {[%clk 1:31:35]} 4. Nf3
{[%clk 1:31:08]} Be7 {[%clk 1:30:48]} 5. Bg5 {[%clk 1:31:04]} h6 {[%clk 1:31:05]}
6. Bh4 {[%clk 1:31:13]} O-O {[%clk 1:29:02]} 7. e3 {[%clk 1:30:49]} dxc4
{[%clk 1:27:58]} 8. Bxc4 {[%clk 1:30:37]} a6 {[%clk 1:28:15]} 9. O-O
{[%clk 1:29:58]} b5 {[%clk 1:28:34]} 10. Bd3 {[%clk 1:29:37]} Bb7
{[%clk 1:28:56]} 11. Rc1 {[%clk 1:25:02]} Nbd7 {[%clk 1:29:16]} 12. Bb1
{[%clk 1:23:57]} Rc8 {[%clk 1:27:10]} 13. Qe2 {[%clk 1:21:46]} c5
{[%clk 1:26:12]} 14. dxc5 {[%clk 1:21:52]} Rxc5 {[%clk 1:24:10]} 15. a3
{[%clk 1:18:27]} Qa8 {[%clk 1:12:53]} 16. Rfd1 {[%clk 1:11:31]} Rd8
{[%clk 1:12:34]} 17. e4 {[%clk 1:00:26]} Nf8 {[%clk 1:06:57]} 18. Ne1
{[%clk 0:44:37]} Rxd1 {[%clk 1:03:34]} 19. Rxd1 {[%clk 0:44:44]} Qe8
{[%clk 1:00:16]} 20. h3 {[%clk 0:38:33]} Rc8 {[%clk 0:57:51]} 21. Nc2
{[%clk 0:36:20]} Rd8 {[%clk 0:51:58]} 22. Ne3 {[%clk 0:34:14]} Rxd1+
{[%clk 0:47:17]} 23. Qxd1 {[%clk 0:33:57]} Ng6 {[%clk 0:42:39]} 24. Bg3
{[%clk 0:34:07]} Nf8 {[%clk 0:35:23]} 25. e5 {[%clk 0:29:17]} N6d7
{[%clk 0:29:39]} 26. b4 {[%clk 0:26:37]} Nb6 {[%clk 0:29:28]} 27. Be4
{[%clk 0:25:36]} Bxe4 {[%clk 0:28:13]} 28. Nxe4 {[%clk 0:25:57]} Qc6
{[%clk 0:28:25]} 29. Qd4 {[%clk 0:22:24]} Nfd7 {[%clk 0:27:12]} 30. Kh2
{[%clk 0:21:23]} Nc4 {[%clk 0:24:20]} 31. Nxc4 {[%clk 0:20:42]} bxc4
{[%clk 0:22:11]} 32. f4 {[%clk 0:19:23]} Nb6 {[%clk 0:20:39]} 33. Be1
{[%clk 0:17:29]} Nd5 {[%clk 0:20:40]} 34. Bd2 {[%clk 0:17:17]} Bf8
{[%clk 0:17:23]} 35. g4 {[%clk 0:14:53]} Qa4 {[%clk 0:16:38]} 36. Qxc4
{[%clk 0:13:46]} Qxa3 {[%clk 0:16:58]} 37. Nd6 {[%clk 0:08:43]} Qb2
{[%clk 0:15:40]} 38. Qd3 {[%clk 0:08:05]} Nxf4 {[%clk 0:15:15]} 39. Qc3
{[%clk 0:08:26]} Qxc3 {[%clk 0:14:42]} 40. Bxc3 {[%clk 0:38:50]} Nd5
{[%clk 0:45:07]} 41. Bd2 {[%clk 0:39:08]} Bxd6 {[%clk 0:44:23]} 42. exd6
{[%clk 0:39:29]} Kf8 {[%clk 0:44:49]} 43. Kg3 {[%clk 0:39:18]} Ke8
{[%clk 0:44:59]} 44. h4 {[%clk 0:39:00]} Kd7 {[%clk 0:42:45]} 45. h5
{[%clk 0:38:05]} Kxd6 {[%clk 0:42:57]} 46. g5 {[%clk 0:38:03]} hxg5
{[%clk 0:42:01]} 47. Bxg5 {[%clk 0:38:26]} Ke5 {[%clk 0:40:41]} 48. Bd2
{[%clk 0:38:31]} Kf5 {[%clk 0:40:29]} 49. Kf3 {[%clk 0:38:00]} e5
{[%clk 0:40:46]} 0-1

[Event "World Chess Olympiad 2018"]
[Site "Batumi"]
[Date "2018.10.01"]
[Round "7"]
[Board "1"]
[WhiteFideId "9200711"]
[White "Alharari Mohammed Alsouri"]
[BlackFideId "5702488"]
[Black "Lim Zhuo Ren"]
[Result "1/2-1/2"]
[LiveChessVersion "1.4.8"]
[BlackElo "2182"]
[WhiteElo "2038"]

1. d4 {[%clk 1:30:58]} d6 {[%clk 1:30:30]} 2. Nf3 {[%clk 1:31:16]} Bg4
{[%clk 1:30:34]} 3. g3 {[%clk 1:29:00]} Bxf3 {[%clk 1:30:43]} 4. exf3
{[%clk 1:29:19]} d5 {[%clk 1:31:11]} 5. c3 {[%clk 1:29:15]} e6 {[%clk 1:31:23]}
6. Qb3 {[%clk 1:26:53]} Qc8 {[%clk 1:31:26]} 7. Bh3 {[%clk 1:27:08]} Nd7
{[%clk 1:31:22]} 8. O-O {[%clk 1:25:25]} Ngf6 {[%clk 1:31:08]} 9. Re1
{[%clk 1:13:12]} Bd6 {[%clk 1:29:42]} 10. Bg5 {[%clk 1:06:48]} O-O
{[%clk 1:29:29]} 11. Nd2 {[%clk 1:07:00]} Re8 {[%clk 1:27:53]} 12. Rad1
{[%clk 1:03:10]} c6 {[%clk 1:27:00]} 13. Qc2 {[%clk 1:02:19]} Qc7
{[%clk 1:26:59]} 14. Re2 {[%clk 0:57:04]} Rac8 {[%clk 1:26:13]} 15. Nb3
{[%clk 0:49:35]} h6 {[%clk 1:24:48]} 16. Be3 {[%clk 0:46:59]} a6 {[%clk 1:20:23]}
17. Nc1 {[%clk 0:45:57]} c5 {[%clk 1:20:09]} 18. dxc5 {[%clk 0:43:58]} Bxc5
{[%clk 1:19:35]} 19. Nd3 {[%clk 0:39:04]} Bxe3 {[%clk 1:18:57]} 20. fxe3
{[%clk 0:36:29]} b5 {[%clk 1:18:37]} 21. a4 {[%clk 0:33:22]} Nc5 {[%clk 1:18:00]}
22. axb5 {[%clk 0:28:16]} axb5 {[%clk 1:18:26]} 23. Nb4 {[%clk 0:25:08]} Ra8
{[%clk 1:18:04]} 24. Ree1 {[%clk 0:25:23]} Na6 {[%clk 1:16:15]} 25. Nxa6
{[%clk 0:23:39]} Rxa6 {[%clk 1:16:42]} 26. Rd4 {[%clk 0:23:33]} Qc5
{[%clk 1:16:08]} 27. Qb3 {[%clk 0:22:44]} Rea8 {[%clk 1:14:07]} 28. Bf1
{[%clk 0:22:16]} Ra5 {[%clk 1:11:35]} 29. Rb4 {[%clk 0:18:43]} Rb8
{[%clk 1:11:42]} 30. Bd3 {[%clk 0:17:00]} Ne8 {[%clk 1:11:29]} 31. Rg4
{[%clk 0:13:01]} f5 {[%clk 1:09:36]} 32. Rd4 {[%clk 0:07:32]} Nc7
{[%clk 1:07:21]} 33. Kf2 {[%clk 0:05:09]} Rba8 {[%clk 1:05:59]} 34. Rb4
{[%clk 0:03:43]} Kf7 {[%clk 1:04:38]} 35. g4 {[%clk 0:03:37]} fxg4
{[%clk 0:55:42]} 36. Rxg4 {[%clk 0:04:01]} Ra4 {[%clk 0:56:10]} 37. Reg1
{[%clk 0:02:43]} g5 {[%clk 0:52:52]} 38. h4 {[%clk 0:01:29]} Rxg4
{[%clk 0:53:19]} 39. Rxg4 {[%clk 0:01:50]} Qd6 {[%clk 0:53:47]} 40. hxg5
{[%clk 0:30:53]} Qh2+ {[%clk 1:23:39]} 41. Rg2 {[%clk 0:31:18]} Qh4+
{[%clk 1:23:46]} 42. Ke2 {[%clk 0:25:53]} hxg5 {[%clk 1:20:44]} 43. Qd1
{[%clk 0:25:09]} b4 {[%clk 1:13:43]} 44. cxb4 {[%clk 0:20:03]} Qxb4
{[%clk 1:12:54]} 45. Qd2 {[%clk 0:17:20]} Rb8 {[%clk 1:08:56]} 46. Rxg5
{[%clk 0:12:18]} Qxd2+ {[%clk 1:08:36]} 47. Kxd2 {[%clk 0:12:40]} Rxb2+
{[%clk 1:08:57]} 48. Kc3 {[%clk 0:13:02]} Rf2 {[%clk 1:09:17]} 49. Rg3
{[%clk 0:13:30]} Ke7 {[%clk 1:08:54]} 50. e4 {[%clk 0:10:44]} Kd6
{[%clk 1:08:11]} 51. exd5 {[%clk 0:09:40]} Nxd5+ {[%clk 1:08:16]} 52. Kd4
{[%clk 0:07:41]} Rd2 {[%clk 1:08:09]} 53. Ke4 {[%clk 0:07:42]} Ra2
{[%clk 1:08:14]} 54. Bf1 {[%clk 0:06:15]} Ra3 {[%clk 1:07:10]} 55. Kd4
{[%clk 0:03:51]} Nf4 {[%clk 1:05:33]} 56. Ke4 {[%clk 0:03:18]} Ra4+
{[%clk 1:05:20]} 57. Ke3 {[%clk 0:03:44]} e5 {[%clk 1:04:54]} 58. Rg8
{[%clk 0:03:35]} Nd5+ {[%clk 1:05:05]} 59. Kf2 {[%clk 0:03:27]} Ra2+
{[%clk 1:04:33]} 60. Kg3 {[%clk 0:03:21]} Nf4 {[%clk 1:03:31]} 61. Rd8+
{[%clk 0:03:11]} Ke7 {[%clk 1:03:45]} 62. Rb8 {[%clk 0:02:20]} Ra3
{[%clk 1:03:40]} 63. Kg4 {[%clk 0:01:59]} Ne6 {[%clk 0:57:16]} 64. Rb6
{[%clk 0:01:22]} Ra4+ {[%clk 0:56:59]} 65. Kf5 {[%clk 0:00:55]} Nc5
{[%clk 0:56:36]} 66. Rb5 {[%clk 0:00:37]} Nd7 {[%clk 0:56:52]} 67. Bg2
{[%clk 0:00:50]} Kd6 {[%clk 0:56:43]} 68. Rb3 {[%clk 0:00:49]} Rf4+
{[%clk 0:56:51]} 69. Kg5 {[%clk 0:01:18]} Nc5 {[%clk 0:55:32]} 70. Ra3
{[%clk 0:01:08]} Kd5 {[%clk 0:54:58]} 71. Re3 {[%clk 0:01:08]} Kd4
{[%clk 0:54:57]} 72. Re1 {[%clk 0:01:02]} Nd3 {[%clk 0:54:38]} 73. Re4+
{[%clk 0:01:01]} Rxe4 {[%clk 0:54:42]} 74. fxe4 {[%clk 0:01:27]} Ne1
{[%clk 0:39:23]} 75. Bh1 {[%clk 0:01:43]} Nc2 {[%clk 0:39:46]} 76. Bf3
{[%clk 0:00:43]} Ne3 {[%clk 0:39:44]} 77. Kh4 {[%clk 0:00:56]} Nc4
{[%clk 0:39:57]} 78. Kg3 {[%clk 0:00:35]} Ke3 {[%clk 0:40:10]} 79. Bh1
{[%clk 0:00:46]} Nd6 {[%clk 0:40:05]} 80. Kg4 {[%clk 0:00:56]} Kd4
{[%clk 0:40:21]} 81. Kg3 {[%clk 0:00:41]} Nxe4+ {[%clk 0:40:48]} 82. Kf3
{[%clk 0:00:49]} Kd3 {[%clk 0:39:53]} 83. Bg2 {[%clk 0:01:18]} Nf6
{[%clk 0:39:52]} 84. Kf2 {[%clk 0:01:21]} Ng4+ {[%clk 0:40:13]} 85. Ke1
{[%clk 0:01:07]} Ke3 {[%clk 0:40:29]} 86. Ba8 {[%clk 0:01:17]} Nh2
{[%clk 0:40:17]} 87. Bb7 {[%clk 0:01:36]} Nf3+ {[%clk 0:40:34]} 88. Kf1
{[%clk 0:01:58]} Nd2+ {[%clk 0:40:50]} 89. Ke1 {[%clk 0:02:23]} Nc4
{[%clk 0:41:13]} 90. Ba8 {[%clk 0:02:26]} Nb6 {[%clk 0:41:36]} 91. Bb7
{[%clk 0:02:48]} Kd4 {[%clk 0:41:36]} 92. Ke2 {[%clk 0:03:08]} Nd5
{[%clk 0:41:07]} 93. Bxd5 {[%clk 0:03:28]} Kxd5 {[%clk 0:41:33]} 94. Ke3
{[%clk 0:03:52]} e4 {[%clk 0:41:51]} 95. Ke2 {[%clk 0:04:19]} Kd4
{[%clk 0:42:12]} 96. Kd2 {[%clk 0:04:45]} e3+ {[%clk 0:42:24]} 97. Ke2
{[%clk 0:05:12]} Ke4 {[%clk 0:42:47]} 98. Ke1 {[%clk 0:05:39]} Kf3
{[%clk 0:42:54]} 99. Kf1 {[%clk 0:06:03]} Kf4 {[%clk 0:43:13]} 100. Ke2
{[%clk 0:06:29]} Ke4 {[%clk 0:43:40]} 101. Ke1 {[%clk 0:06:56]} Kd3
{[%clk 0:44:01]} 102. Kd1 {[%clk 0:07:21]} e2+ {[%clk 0:44:30]} 103. Ke1
{[%clk 0:07:45]} Ke4 {[%clk 0:44:54]} 1/2-1/2

[Event "World Chess Olympiad 2018"]
[Site "Batumi"]
[Date "2018.10.01"]
[Round "7"]
[Board "2"]
[WhiteFideId "5712181"]
[White "Lye Lik Zang"]
[BlackFideId "9202609"]
[Black "Abo Moliana Montasar"]
[Result "1-0"]
[LiveChessVersion "1.4.8"]
[BlackElo "1993"]
[WhiteElo "2351"]

1. d4 {[%clk 1:30:57]} c5 {[%clk 1:29:39]} 2. d5 {[%clk 1:31:12]} Nf6
{[%clk 1:30:00]} 3. Nc3 {[%clk 1:31:24]} d6 {[%clk 1:30:22]} 4. e4
{[%clk 1:31:39]} g6 {[%clk 1:30:47]} 5. f4 {[%clk 1:30:51]} e6 {[%clk 1:29:36]}
6. Nf3 {[%clk 1:15:40]} exd5 {[%clk 1:28:33]} 7. exd5 {[%clk 1:05:35]} Bg7
{[%clk 1:28:33]} 8. Bb5+ {[%clk 0:56:47]} Nbd7 {[%clk 1:28:44]} 9. O-O
{[%clk 0:56:10]} O-O {[%clk 1:29:08]} 10. a4 {[%clk 0:53:29]} a6 {[%clk 1:25:37]}
11. Be2 {[%clk 0:50:31]} b6 {[%clk 1:23:29]} 12. f5 {[%clk 0:41:54]} Re8
{[%clk 1:17:46]} 13. fxg6 {[%clk 0:34:54]} hxg6 {[%clk 1:18:04]} 14. Bf4
{[%clk 0:33:08]} Qc7 {[%clk 1:18:22]} 15. Qd2 {[%clk 0:28:16]} Bb7
{[%clk 1:13:59]} 16. Bc4 {[%clk 0:19:29]} Ne4 {[%clk 1:01:52]} 17. Nxe4
{[%clk 0:18:42]} Rxe4 {[%clk 1:02:16]} 18. Bd3 {[%clk 0:19:03]} Ree8
{[%clk 0:58:02]} 19. c4 {[%clk 0:17:43]} Nf6 {[%clk 0:55:50]} 20. Bh6
{[%clk 0:14:54]} b5 {[%clk 0:45:53]} 21. Bxg7 {[%clk 0:14:00]} Kxg7
{[%clk 0:46:13]} 22. Ng5 {[%clk 0:08:36]} Re5 {[%clk 0:40:45]} 23. Rf3
{[%clk 0:04:20]} bxc4 {[%clk 0:27:29]} 24. Raf1 {[%clk 0:01:55]} cxd3
{[%clk 0:26:50]} 25. Rxf6 {[%clk 0:01:43]} Bxd5 {[%clk 0:25:41]} 26. Qf4
{[%clk 0:00:46]} Re2 {[%clk 0:17:02]} 27. Nf3 {[%clk 0:00:44]} Rd8
{[%clk 0:12:01]} 28. Nh4 {[%clk 0:00:39]} Rh8 {[%clk 0:08:44]} 29. Rxg6+
{[%clk 0:00:39]} Kf8 {[%clk 0:06:38]} 30. Rg3 {[%clk 0:00:48]} Ke8
{[%clk 0:01:17]} 31. Qf6 {[%clk 0:01:03]} Rh7 {[%clk 0:00:33]} 32. Rg8+
{[%clk 0:01:21]} Kd7 {[%clk 0:01:02]} 33. Qf5+ {[%clk 0:01:44]} Kc6
{[%clk 0:00:31]} 34. Rc8 {[%clk 0:01:11]} Rxh4 {[%clk 0:00:32]} 35. Rxc7+
{[%clk 0:01:36]} Kxc7 {[%clk 0:00:45]} 36. Qxd5 {[%clk 0:02:02]} Rh7 37. Qxd3
{[%clk 0:02:18]} 1-0

[Event "World Chess Olympiad 2018"]
[Site "Batumi"]
[Date "2018.10.01"]
[Round "7"]
[Board "3"]
[WhiteFideId "9205365"]
[White "Naser Eldean Ahmed"]
[BlackFideId "5704154"]
[Black "Zulkipli Zaidan"]
[Result "0-1"]
[LiveChessVersion "1.4.8"]
[BlackElo "2203"]
[WhiteElo "1906"]

1. e4 {[%clk 1:29:10]} e5 {[%clk 1:30:53]} 2. Bc4 {[%clk 1:29:33]} Nf6
{[%clk 1:31:05]} 3. d3 {[%clk 1:29:57]} Be7 {[%clk 1:30:45]} 4. Nc3
{[%clk 1:30:15]} O-O {[%clk 1:31:01]} 5. f4 {[%clk 1:30:29]} d6 {[%clk 1:30:55]}
6. f5 {[%clk 1:27:47]} c6 {[%clk 1:30:41]} 7. Qf3 {[%clk 1:27:14]} d5
{[%clk 1:30:01]} 8. Bb3 {[%clk 1:26:56]} Bb4 {[%clk 1:29:47]} 9. Bd2
{[%clk 1:26:54]} d4 {[%clk 1:11:57]} 10. Nb1 {[%clk 1:27:13]} a5 {[%clk 1:11:27]}
11. Bxb4 {[%clk 1:23:17]} axb4 {[%clk 1:11:55]} 12. g4 {[%clk 1:23:36]} Nfd7
{[%clk 1:11:19]} 13. h4 {[%clk 1:23:01]} Nc5 {[%clk 1:11:47]} 14. Nd2
{[%clk 1:12:39]} b5 {[%clk 1:03:45]} 15. Qg3 {[%clk 1:10:24]} Qd6
{[%clk 1:04:14]} 16. Ngf3 {[%clk 1:09:29]} Nbd7 {[%clk 1:02:23]} 17. g5
{[%clk 1:08:28]} Nxb3 {[%clk 1:00:54]} 18. Nxb3 {[%clk 1:08:15]} c5
{[%clk 1:00:59]} 19. Nbd2 {[%clk 0:48:46]} Ba6 {[%clk 0:56:42]} 20. h5
{[%clk 0:40:59]} Kh8 {[%clk 0:43:49]} 21. g6 {[%clk 0:36:20]} h6 {[%clk 0:42:42]}
22. gxf7 {[%clk 0:32:21]} Rxf7 {[%clk 0:42:03]} 23. Ke2 {[%clk 0:28:54]} c4
{[%clk 0:40:29]} 24. b3 {[%clk 0:27:14]} Rc8 {[%clk 0:32:48]} 25. Rac1
{[%clk 0:25:07]} Bb7 {[%clk 0:27:20]} 26. Rhg1 {[%clk 0:22:13]} Re7
{[%clk 0:17:41]} 27. Nh4 {[%clk 0:22:25]} Nf8 {[%clk 0:16:13]} 28. f6
{[%clk 0:16:20]} Qxf6 {[%clk 0:14:30]} 29. Rcf1 {[%clk 0:16:47]} cxd3+
{[%clk 0:12:04]} 30. cxd3 {[%clk 0:16:53]} Qe6 {[%clk 0:11:54]} 31. Nf5
{[%clk 0:13:34]} Nh7 {[%clk 0:04:57]} 32. Nxe7 {[%clk 0:12:15]} Qxe7
{[%clk 0:05:25]} 33. Qg6 {[%clk 0:12:22]} Ng5 {[%clk 0:05:07]} 34. Rf5
{[%clk 0:11:26]} Rc6 {[%clk 0:05:15]} 35. Rgxg5 {[%clk 0:07:34]} Rxg6
{[%clk 0:05:22]} 36. Rxg6 {[%clk 0:08:01]} Bc8 {[%clk 0:05:04]} 37. Rf2
{[%clk 0:07:51]} Be6 {[%clk 0:05:27]} 38. Rfg2 {[%clk 0:07:57]} Bf7
{[%clk 0:05:41]} 39. Rxg7 {[%clk 0:02:26]} Bxh5+ {[%clk 0:06:08]} 40. Ke1
{[%clk 0:32:23]} Qxg7 {[%clk 0:33:30]} 41. Rxg7 {[%clk 0:32:42]} Kxg7
{[%clk 0:33:59]} 42. Nb1 {[%clk 0:32:10]} Bf7 {[%clk 0:32:37]} 43. Nd2
{[%clk 0:31:05]} Kf6 {[%clk 0:32:52]} 44. Nf3 {[%clk 0:31:00]} Bh5
{[%clk 0:32:58]} 45. Nh4 {[%clk 0:31:15]} Bg4 {[%clk 0:33:22]} 46. Kf2
{[%clk 0:30:51]} Kg5 {[%clk 0:33:39]} 47. Ng2 {[%clk 0:31:19]} h5
{[%clk 0:33:05]} 48. Ne1 {[%clk 0:31:22]} Bd1 {[%clk 0:32:22]} 49. Kg3
{[%clk 0:27:47]} h4+ {[%clk 0:31:45]} 50. Kh3 {[%clk 0:18:41]} Be2
{[%clk 0:29:45]} 51. Kg2 {[%clk 0:17:33]} Kg4 {[%clk 0:26:48]} 52. Kf2
{[%clk 0:15:56]} h3 {[%clk 0:25:57]} 53. Kxe2 {[%clk 0:04:26]} h2
{[%clk 0:25:18]} 0-1

[Event "World Chess Olympiad 2018"]
[Site "Batumi"]
[Date "2018.10.01"]
[Round "7"]
[Board "4"]
[WhiteFideId "1800132"]
[White "Rayner Francis"]
[BlackFideId "10500219"]
[Black "Yussof Pg Abd Rahman"]
[Result "1-0"]
[LiveChessVersion "1.4.8"]
[BlackElo "1854"]
[WhiteElo "2083"]

1. e4 e5 2. Nf3 Nc6 3. Bb5 Nd4 4. Nxd4 exd4 5. O-O Qg5 6. Bc4 d6 7. d3 Qg6 8. c3
dxc3 9. Nxc3 c6 10. f4 Qg4 11. Qb3 Qh5 12. d4 Ne7 13. f5 f6 14. Bf4 d5 15. exd5
Nxf5 16. Rae1+ Kd8 17. dxc6 Nd6 18. c7+ Kxc7 19. Nb5+ Kc6 20. d5+ 1-0

[Event "World Chess Olympiad 2018"]
[Site "Batumi"]
[Date "2018.10.01"]
[Round "7"]
[Board "1"]
[WhiteFideId "15700356"]
[White "Altaye Girum Teklewold"]
[BlackFideId "12600083"]
[Black "Hasford John Kojo"]
[Result "1-0"]
[LiveChessVersion "1.4.8"]
[BlackElo "2042"]
[WhiteElo "1986"]

1. e4 {[%clk 1:30:52]} d6 {[%clk 1:30:55]} 2. d4 {[%clk 1:30:57]} Nf6
{[%clk 1:31:09]} 3. Bd3 {[%clk 1:31:04]} Nc6 {[%clk 1:31:18]} 4. c3
{[%clk 1:31:20]} g6 {[%clk 1:31:07]} 5. h3 {[%clk 1:30:42]} Bg7 {[%clk 1:31:18]}
6. Be3 {[%clk 1:30:44]} O-O {[%clk 1:31:21]} 7. f4 {[%clk 1:29:17]} e5
{[%clk 1:30:56]} 8. fxe5 {[%clk 1:28:49]} dxe5 {[%clk 1:30:50]} 9. d5
{[%clk 1:29:05]} Nxe4 {[%clk 1:27:29]} 10. Qf3 {[%clk 1:15:22]} Nf6
{[%clk 1:27:22]} 11. Bc4 {[%clk 1:02:27]} e4 {[%clk 1:26:37]} 12. Qd1
{[%clk 1:01:59]} Ne5 13. b3 {[%clk 1:01:11]} Nh5 {[%clk 1:25:44]} 14. Ne2
{[%clk 1:01:19]} a6 {[%clk 1:24:40]} 15. a4 {[%clk 1:01:23]} Nxc4
{[%clk 1:24:00]} 16. bxc4 {[%clk 1:01:39]} Qh4+ {[%clk 1:19:40]} 17. Kd2
{[%clk 0:58:45]} f5 {[%clk 1:19:06]} 18. Qe1 {[%clk 0:58:22]} Qxe1+
{[%clk 1:19:16]} 19. Kxe1 {[%clk 0:57:52]} f4 {[%clk 1:19:02]} 20. Bc5
{[%clk 0:56:30]} Rf7 {[%clk 1:17:58]} 21. Rf1 {[%clk 0:56:38]} b6
{[%clk 1:18:01]} 22. Bd4 {[%clk 0:53:20]} Bh6 23. Nd2 f3 {[%clk 1:15:31]} 24. g4
{[%clk 0:53:21]} Bxd2+ {[%clk 1:12:07]} 25. Kxd2 {[%clk 0:53:27]} fxe2 26. Rxf7
Kxf7 {[%clk 1:09:08]} 27. gxh5 {[%clk 0:50:30]} gxh5 {[%clk 1:08:45]} 28. Rh1
{[%clk 0:49:08]} Bd7 {[%clk 1:07:48]} 29. a5 {[%clk 0:48:36]} bxa5
{[%clk 1:07:34]} 30. Kxe2 {[%clk 0:48:55]} a4 {[%clk 1:07:38]} 31. Ke3
{[%clk 0:48:36]} Rg8 {[%clk 1:03:33]} 32. Kxe4 {[%clk 0:47:11]} Rg2
{[%clk 1:03:10]} 33. c5 {[%clk 0:45:48]} Bb5 {[%clk 1:02:08]} 34. c6
{[%clk 0:44:36]} a3 {[%clk 1:01:32]} 35. Be5 {[%clk 0:44:17]} Re2+
{[%clk 1:00:17]} 36. Kd4 {[%clk 0:44:40]} Rd2+ {[%clk 0:59:24]} 37. Kc5
{[%clk 0:44:47]} Rc2 {[%clk 0:59:03]} 38. Rd1 {[%clk 0:42:20]} a2
{[%clk 0:55:55]} 39. Ra1 {[%clk 0:41:14]} Ke7 {[%clk 0:55:07]} 40. Bxc7
{[%clk 1:03:55]} Rxc3+ {[%clk 1:24:23]} 41. Kb6 {[%clk 1:04:05]} Bc4
{[%clk 1:21:30]} 42. d6+ {[%clk 1:04:14]} Ke6 {[%clk 1:15:45]} 43. d7
{[%clk 1:04:01]} Bb5 {[%clk 1:10:10]} 44. d8=Q {[%clk 1:04:03]} Rxc6+
{[%clk 1:09:39]} 45. Ka5 {[%clk 1:04:07]} Bc4 {[%clk 1:09:15]} 1-0

[Event "World Chess Olympiad 2018"]
[Site "Batumi"]
[Date "2018.10.01"]
[Round "7"]
[Board "2"]
[WhiteFideId "12600148"]
[White "Anquandah Francis Eric"]
[BlackFideId "15700739"]
[Black "Ghebrehiwet Haftom Ghebremedhn"]
[Result "0-1"]
[LiveChessVersion "1.4.8"]
[BlackElo "1979"]
[WhiteElo "1992"]

1. e4 {[%clk 1:30:54]} c5 {[%clk 1:30:48]} 2. Nf3 {[%clk 1:31:21]} Nc6
{[%clk 1:31:13]} 3. d4 {[%clk 1:31:40]} cxd4 {[%clk 1:31:38]} 4. Nxd4
{[%clk 1:32:04]} g6 {[%clk 1:32:01]} 5. Nc3 {[%clk 1:30:19]} Bg7 {[%clk 1:32:26]}
6. Be3 {[%clk 1:30:18]} Nf6 {[%clk 1:32:52]} 7. f3 {[%clk 1:30:18]} O-O
{[%clk 1:33:06]} 8. Qd2 {[%clk 1:30:25]} d5 {[%clk 1:32:12]} 9. O-O-O
{[%clk 1:26:27]} dxe4 {[%clk 1:31:03]} 10. Nxc6 {[%clk 1:26:18]} Qxd2+
{[%clk 1:31:23]} 11. Rxd2 {[%clk 1:26:22]} bxc6 {[%clk 1:31:47]} 12. Nxe4
{[%clk 1:26:32]} Nd5 {[%clk 1:27:47]} 13. Bg5 {[%clk 1:25:15]} f6
{[%clk 1:25:43]} 14. c4 {[%clk 1:24:56]} fxg5 {[%clk 1:23:26]} 15. cxd5
{[%clk 1:25:08]} g4 {[%clk 1:22:03]} 16. Kd1 {[%clk 1:07:47]} cxd5
{[%clk 1:21:28]} 17. Rxd5 {[%clk 1:07:17]} gxf3 {[%clk 1:21:19]} 18. gxf3
{[%clk 1:07:11]} Be6 {[%clk 1:21:41]} 19. Rd2 {[%clk 1:04:43]} Bxa2
{[%clk 1:21:01]} 20. Nc3 {[%clk 0:59:01]} Bb3+ {[%clk 1:20:35]} 21. Ke2
{[%clk 0:58:54]} Rab8 {[%clk 1:20:24]} 22. Kf2 {[%clk 0:57:44]} Rfd8
{[%clk 1:19:15]} 23. Re2 {[%clk 0:53:52]} Kf8 {[%clk 1:16:56]} 24. Ne4
{[%clk 0:49:55]} Bc4 25. Rc2 {[%clk 0:49:39]} Bb3 {[%clk 1:14:13]} 26. Re2
{[%clk 0:46:49]} Bd1 {[%clk 1:07:38]} 27. Ng5 {[%clk 0:40:11]} Bxe2
{[%clk 1:06:56]} 28. Ne6+ {[%clk 0:39:38]} Kg8 {[%clk 1:06:46]} 29. Nxd8
{[%clk 0:39:38]} Bxf1 {[%clk 1:07:02]} 30. Nc6 {[%clk 0:39:22]} Rb6
{[%clk 1:02:16]} 31. Nxe7+ {[%clk 0:38:11]} Kf7 {[%clk 1:02:38]} 32. Nc8
{[%clk 0:34:20]} Rc6 {[%clk 1:00:18]} 33. Nxa7 {[%clk 0:33:26]} Bd4+
{[%clk 1:00:28]} 34. Kxf1 {[%clk 0:33:01]} Bxa7 {[%clk 1:00:56]} 35. Kg2
{[%clk 0:32:40]} Rc2+ {[%clk 1:01:21]} 36. Kg3 {[%clk 0:31:56]} Rxb2
{[%clk 1:01:41]} 37. h4 {[%clk 0:31:26]} Bb8+ {[%clk 1:01:22]} 38. f4
{[%clk 0:30:26]} Rb3+ {[%clk 1:01:36]} 39. Kg2 {[%clk 0:22:58]} Bxf4
{[%clk 0:59:22]} 40. Rf1 {[%clk 0:47:58]} Rg3+ {[%clk 1:27:19]} 41. Kf2
{[%clk 0:45:55]} Rh3 {[%clk 1:27:15]} 42. h5 {[%clk 0:46:18]} Rxh5
{[%clk 1:27:34]} 43. Kf3 {[%clk 0:46:39]} Be5 {[%clk 1:27:45]} 44. Kg4+
{[%clk 0:47:00]} Bf6 {[%clk 1:28:01]} 45. Rb1 {[%clk 0:46:42]} Rh4+
{[%clk 1:28:23]} 46. Kg3 {[%clk 0:47:06]} Re4 {[%clk 1:28:45]} 47. Kf3
{[%clk 0:46:40]} Re7 {[%clk 1:29:07]} 48. Kg3 {[%clk 0:46:59]} g5
{[%clk 1:29:28]} 49. Rh1 {[%clk 0:46:51]} Kg6 {[%clk 1:29:51]} 50. Kg4
{[%clk 0:47:16]} h5+ {[%clk 1:30:04]} 51. Kg3 {[%clk 0:47:31]} Re3+
{[%clk 1:29:57]} 52. Kf2 {[%clk 0:47:57]} Ra3 {[%clk 1:30:21]} 53. Rb1
{[%clk 0:48:18]} g4 {[%clk 1:30:09]} 54. Kg2 {[%clk 0:48:32]} Ra2+
{[%clk 1:30:20]} 55. Kh1 {[%clk 0:48:36]} h4 {[%clk 1:30:41]} 56. Rb8
{[%clk 0:48:44]} h3 {[%clk 1:30:50]} 57. Rb6 {[%clk 0:48:51]} g3 {[%clk 1:31:08]}
58. Rb1 {[%clk 0:48:50]} Rh2+ {[%clk 1:31:29]} 59. Kg1 {[%clk 0:48:43]} Bd4+
{[%clk 1:31:53]} 0-1